000 01388nam a2200349 i 4500
001 000038491
003 DO-SdBNP
005 20251113073158.0
007 ta
008 130412s2002 dr r 001 0 spa d
040 _aDO-SdBNP
_bspa
_cBNPHU
_erda
041 _aspa
082 4 _a306.42
_bT693t
_222
100 1 _aTorres-Saillant, Silvio,
_eautor
_4aut.
_927004
245 1 3 _aEl tigueraje intelectual /
_cSilvio Torres-Saillant ; presentación, Franklin Franco Pichardo
264 1 _aSanto Domingo :
_bCentro de Información Afroamericano :
_bSociedad Editorial Dominicana,
_c2002.
300 _a58 páginas ;
_c22 cm.
336 _atexto
_btxt
_2rdacontent
337 _asin mediación
_bn
_2rdamedia
338 _avolumen
_bnc
_2rdacarrier
490 0 _aSerie Nuevo Pensamiento Dominicamo
500 _aIncluye datos biográficos del autor en la contracubierta.
504 _aBibliografía : página 59
590 _aInventariado, 2024/BT
650 4 _aIntelectuales
_xAspectos sociales
_zRepública Dominicana
_964841
650 0 _aVida intelectual
_zRepública Dominicana
_vEnsayos, conferencias, etc.
_9333
650 4 _aPsicología social
_zRepública Dominicana
_91574
_vEnsayos, conferencias, etc.
650 4 _aEnsayos dominicanos
_965
700 1 _aFranco, Franklin J.,
_d1936-
_epresentación
_934417
910 _aValidado. Control de la calidad. EMS
942 _2ddc
_cLBS1
999 _c37981
_d37981